[Event "RUS-ch Blitz Men 2018"]
[Site "Sochi"]
[Date "2018.10.07"]
[Round "9"]
[White "Drygalov, Sergey"]
[Black "Inozemtsev, Sergei"]
[Result "0-1"]
[WhiteElo "2446"]
[BlackElo "2310"]
[Annotator "TA"]
[PlyCount "88"]
[EventDate "2018.10.07"]
[EventType "swiss"]
[EventCountry "RUS"]
[SourceTitle "playchess.com"]
[Source "ChessBase"]
[SourceQuality "1"]

1. d4 Nf6 2. Nf3 g6 3. c4 Bg7 4. g3 O-O 5. Bg2 d6 6. O-O Nc6 7. Nc3 Bf5 8. Ne1 e5 9. d5 Nb8 10. e4 Bc8 11. Nd3 a5 12. a3 Nbd7 13. Rb1 b6 14. b4 axb4 15. axb4 Ba6 16. Qb3 Qe7 17. Bd2 Nh5 18. Ra1 f5 19. Ra2 Bb7 20. Rxa8 Rxa8 21. Re1 Qf7 22. Qb2 Nhf6 23. Bh3 Ne8 24. Ra1 Rb8 25. Qa3 Ra8 26. Qb2 Rb8 27. Qa3 Ra8 28. Qc1 Rb8 29. Be3 Nf8 30. f3 Bc8 31. Qd1 fxe4 32. Bxc8 exd3 33. Bh3 e4 34. Nxe4 Bxa1 35. Qxd3 Qxf3 36. Ng5 Qf6 37. Ne6 Nxe6 38. Bxe6+ Kh8 39. h4 Ng7 40. Bg4 Rf8 41. Kg2 Be5 42. c5 h5 43. Bh3 Nf5 44. Bxf5 Qxf5 0-1

[Event "RUS-ch Blitz Men 2018"]
[Site "Sochi"]
[Date "2018.10.07"]
[Round "9"]
[White "Balashov, Yuri S"]
[Black "Gochelashvili, David"]
[Result "1/2-1/2"]
[WhiteElo "2429"]
[BlackElo "2419"]
[Annotator "NA"]
[PlyCount "81"]
[EventDate "2018.10.07"]
[EventType "swiss"]
[EventCountry "RUS"]
[SourceTitle "playchess.com"]
[Source "ChessBase"]
[SourceQuality "1"]

1. e4 c5 2. Nf3 d6 3. c3 Nf6 4. Bd3 g6 5. O-O Bg7 6. Bc2 Nc6 7. h3 O-O 8. Re1 e5 9. d4 cxd4 10. cxd4 exd4 11. Nxd4 Nxd4 12. Qxd4 Re8 13. Qd1 d5 14. e5 Ne4 15. Bxe4 dxe4 16. Qxd8 Rxd8 17. Bf4 e3 18. f3 Rd4 19. Bxe3 Bxe5 20. Bf2 Rd5 21. Nc3 Ra5 22. f4 Bxf4 23. Re8+ Kg7 24. Bd4+ Kh6 25. Rf1 Rf5 26. Rxf4 Rxf4 27. Be3 g5 28. Bxf4 gxf4 29. Nb5 b6 30. Nd6 Bb7 31. Nxf7+ Kg6 32. Ne5+ Kf5 33. Rxa8 Bxa8 34. Nc4 Bd5 35. Nd6+ Ke5 36. Nc8 Bxa2 37. Nxa7 Bc4 38. Kf2 Kd4 39. Nc6+ Kd3 40. Ne5+ Kd4 41. Nf3+ 1/2-1/2

[Event "RUS-ch Blitz Men 2018"]
[Site "Sochi"]
[Date "2018.10.07"]
[Round "9"]
[White "Tsoi, Dmitry"]
[Black "Shcherbakov, Ruslan"]
[Result "0-1"]
[WhiteElo "2429"]
[BlackElo "2516"]
[Annotator "TA"]
[PlyCount "78"]
[EventDate "2018.10.07"]
[EventType "swiss"]
[EventCountry "RUS"]
[SourceTitle "playchess.com"]
[Source "ChessBase"]
[SourceQuality "1"]

1. c4 Nf6 2. Nf3 e6 3. g3 d5 4. b3 a5 5. Bb2 Be7 6. Bg2 a4 7. O-O O-O 8. e3 c6 9. d4 Nbd7 10. Nc3 a3 11. Bc1 b6 12. Nd2 Ba6 13. Re1 b5 14. Qc2 b4 15. Nd1 c5 16. cxd5 exd5 17. e4 cxd4 18. e5 d3 19. Qb1 Ne4 20. Nxe4 dxe4 21. Bxe4 Nc5 22. Bd2 Nxe4 23. Rxe4 Qd5 24. f3 Rac8 25. Ne3 Qe6 26. Bxb4 Bxb4 27. Rxb4 Rfd8 28. Qd1 Qxe5 29. Re4 Qc3 30. Nc4 Bxc4 31. Rc1 Qb2 32. Rcxc4 Rxc4 33. bxc4 d2 34. Kf2 Qxa2 35. c5 Qd5 36. Ke2 Qd3+ 37. Kf2 a2 38. Ra4 Qb1 39. Ke2 Qb5+ 0-1

[Event "RUS-ch Blitz Men 2018"]
[Site "Sochi"]
[Date "2018.10.07"]
[Round "9"]
[White "Dzhumagaliev, Yan"]
[Black "Fakhrutdinov, Timur"]
[Result "1-0"]
[WhiteElo "2410"]
[BlackElo "2472"]
[Annotator "TA"]
[PlyCount "119"]
[EventDate "2018.10.07"]
[EventType "swiss"]
[EventCountry "RUS"]
[SourceTitle "playchess.com"]
[Source "ChessBase"]
[SourceQuality "1"]

1. d4 Nf6 2. Nf3 d5 3. c4 e6 4. g3 Bb4+ 5. Bd2 Be7 6. Bg2 O-O 7. O-O c6 8. Qc2 b6 9. Rd1 Nbd7 10. a4 Ba6 11. b3 c5 12. a5 b5 13. cxd5 exd5 14. dxc5 Nxc5 15. Nd4 Rc8 16. Qb2 Nce4 17. Nc3 Nxd2 18. Rxd2 Bb4 19. Rd3 Qd7 20. Nc2 Bxc3 21. Rxc3 Rxc3 22. Qxc3 Rc8 23. Qd2 Qc7 24. Nb4 Bb7 25. a6 Ba8 26. Bf3 h6 27. Qd4 Qc3 28. Qxc3 Rxc3 29. Ra5 Rxb3 30. Rxb5 Kh7 31. Rb8 Rb1+ 32. Kg2 Nd7 33. Rxa8 Rxb4 34. Rxa7 Nc5 35. Bxd5 Ra4 36. Bxf7 Rxa6 37. Rxa6 Nxa6 38. f4 g6 39. Kf3 Nc5 40. Bd5 Kg7 41. Ke3 Kf6 42. Kd4 Nd7 43. e4 Nf8 44. e5+ Ke7 45. g4 Nd7 46. Be4 Nf8 47. Bd5 Nd7 48. Bb3 Nf8 49. Ke4 Nd7 50. Bd5 Nc5+ 51. Kd4 Nd7 52. f5 gxf5 53. gxf5 Nf8 54. Bc6 Nh7 55. h4 Kf7 56. Kd5 Ke7 57. Bb5 Nf8 58. f6+ Kf7 59. Be2 Nd7 60. e6+ 1-0

[Event "RUS-ch Blitz Men 2018"]
[Site "Sochi"]
[Date "2018.10.07"]
[Round "9"]
[White "Sadovsky, Artem"]
[Black "Chigaev, Maksim"]
[Result "1/2-1/2"]
[WhiteElo "2408"]
[BlackElo "2599"]
[Annotator "TA"]
[PlyCount "86"]
[EventDate "2018.10.07"]
[EventType "swiss"]
[EventCountry "RUS"]
[SourceTitle "playchess.com"]
[Source "ChessBase"]
[SourceQuality "1"]

1. c4 g6 2. d4 Bg7 3. Nc3 Nf6 4. g3 O-O 5. Bg2 d6 6. Nf3 Nc6 7. O-O a6 8. b3 Bd7 9. Bb2 Rb8 10. Qd2 b5 11. d5 Na7 12. Rab1 c5 13. dxc6 Bxc6 14. cxb5 axb5 15. Nd4 Bxg2 16. Kxg2 b4 17. Na4 Qd7 18. Rfc1 Qb7+ 19. Kg1 Ne4 20. Qe3 d5 21. Nc5 Nxc5 22. Rxc5 e5 23. Nf3 d4 24. Qd2 Nb5 25. Nxe5 Nc3 26. Bxc3 dxc3 27. Qf4 Rbc8 28. Rxc8 Rxc8 29. Nd3 Bf8 30. Rc1 Qe7 31. Rc2 Rc6 32. Kg2 Re6 33. Qf3 h5 34. Nf4 Ra6 35. Nd5 Qa7 36. Nf6+ Kg7 37. Ne8+ Kg8 38. Nf6+ Kh8 39. Nd5 Kg8 40. Nf6+ Kg7 41. Ne8+ Kg8 42. Nf6+ Kg7 43. Ne8+ Kg8 1/2-1/2

[Event "RUS-ch Blitz Men 2018"]
[Site "Sochi"]
[Date "2018.10.07"]
[Round "9"]
[White "Yashmetov, Mikhail"]
[Black "Usmanov, Vasily"]
[Result "1-0"]
[WhiteElo "2394"]
[BlackElo "2453"]
[Annotator "TA"]
[PlyCount "47"]
[EventDate "2018.10.07"]
[EventType "swiss"]
[EventCountry "RUS"]
[SourceTitle "playchess.com"]
[Source "ChessBase"]
[SourceQuality "1"]

1. Nf3 d5 2. g3 Bf5 3. Bg2 e6 4. O-O h6 5. c4 c6 6. cxd5 cxd5 7. d3 Nc6 8. Qb3 Qb6 9. Qxb6 axb6 10. Nc3 Nf6 11. Nb5 Kd7 12. Bf4 Ra5 13. a4 Bc5 14. Ne5+ Nxe5 15. Bxe5 Ke7 16. d4 Bb4 17. Rfc1 Rd8 18. Bc7 Rc8 19. Bd6+ Bxd6 20. Rxc8 Ne8 21. Rxe8+ Kxe8 22. Nxd6+ Kd7 23. Nxf5 exf5 24. b4 1-0

[Event "RUS-ch Blitz Men 2018"]
[Site "Sochi"]
[Date "2018.10.07"]
[Round "9"]
[White "Tekeyev, Zaur"]
[Black "Oganian, Miran"]
[Result "1-0"]
[WhiteElo "2392"]
[BlackElo "2435"]
[Annotator "NA"]
[PlyCount "45"]
[EventDate "2018.10.07"]
[EventType "swiss"]
[EventCountry "RUS"]
[SourceTitle "playchess.com"]
[Source "ChessBase"]
[SourceQuality "1"]

1. e4 c5 2. Nf3 Nc6 3. Bb5 d6 4. O-O Bd7 5. Re1 Nf6 6. c3 a6 7. Bf1 Bg4 8. d4 cxd4 9. cxd4 e5 10. Be3 Bxf3 11. gxf3 Be7 12. d5 Nb8 13. Qb3 b5 14. a4 bxa4 15. Rxa4 O-O 16. Nd2 Nh5 17. Nc4 Bg5 18. Qb6 Bxe3 19. fxe3 Qg5+ 20. Bg2 f5 21. Qxd6 fxe4 22. Nxe5 exf3 23. Qe6+ 1-0

[Event "RUS-ch Blitz Men 2018"]
[Site "Sochi"]
[Date "2018.10.07"]
[Round "9"]
[White "Ozgibcev, Anatoly"]
[Black "Hasangatin, Ramil"]
[Result "0-1"]
[WhiteElo "2368"]
[BlackElo "2485"]
[Annotator "TA"]
[PlyCount "118"]
[EventDate "2018.10.07"]
[EventType "swiss"]
[EventCountry "RUS"]
[SourceTitle "playchess.com"]
[Source "ChessBase"]
[SourceQuality "1"]

1. e4 d5 2. d3 Nc6 3. Nd2 e5 4. Ngf3 Nf6 5. Be2 g6 6. O-O Bg7 7. c3 a5 8. a4 O-O 9. Qc2 h6 10. Re1 Be6 11. Bf1 Re8 12. h3 Qd7 13. Kh2 Rad8 14. Kg1 b6 15. Kh2 Nh5 16. g3 f5 17. exd5 Bxd5 18. Bg2 g5 19. Qd1 Bf7 20. Bf1 Nf6 21. Qc2 Bd5 22. Bg2 Kh8 23. Nf1 Bf7 24. Kg1 Nh7 25. Ne3 Bg6 26. Nc4 Bf7 27. Nfd2 Bd5 28. Bf1 Nf8 29. Qb3 Ng6 30. Qb5 Qf7 31. Bg2 Bxg2 32. Kxg2 Qd5+ 33. Nf3 Qxb5 34. axb5 Na7 35. b4 a4 36. Rxa4 Nxb5 37. Bb2 Rxd3 38. Re3 Rdd8 39. Re1 e4 40. Nd4 Nxd4 41. cxd4 Bxd4 42. Bxd4+ Rxd4 43. Ne3 f4 44. Nf5 Rd2 45. Nxh6 e3 46. Nf7+ Kg7 47. Nxg5 Rxf2+ 48. Kg1 f3 49. Rxe3 Rg2+ 50. Kf1 Rxe3 51. Nxf3 Rxg3 52. Nd4 Ra3 53. Rxa3 Rxa3 54. Ne6+ Kf7 55. Nxc7 Nf4 56. h4 Rb3 57. b5 Rh3 58. Kf2 Rc3 59. Na8 Nd5 0-1

[Event "RUS-ch Blitz Men 2018"]
[Site "Sochi"]
[Date "2018.10.07"]
[Round "9"]
[White "Dilmukhametov, Artur"]
[Black "Bocharov, Dmitry"]
[Result "1-0"]
[WhiteElo "2353"]
[BlackElo "2557"]
[Annotator "TA"]
[PlyCount "83"]
[EventDate "2018.10.07"]
[EventType "swiss"]
[EventCountry "RUS"]
[SourceTitle "playchess.com"]
[Source "ChessBase"]
[SourceQuality "1"]

1. e4 d6 2. d4 Nf6 3. Nc3 g6 4. Bg5 a6 5. e5 Nfd7 6. f4 Bg7 7. Nf3 b5 8. Bd3 Bb7 9. O-O O-O 10. e6 fxe6 11. Qe2 Bxf3 12. Qxe6+ Rf7 13. Rxf3 Bxd4+ 14. Kh1 Bxc3 15. bxc3 Nc5 16. Qe2 Nbd7 17. Re3 Nxd3 18. cxd3 Nf6 19. c4 bxc4 20. dxc4 Qd7 21. Re1 Rb8 22. h3 Nh5 23. Kh2 Re8 24. g3 Ng7 25. g4 e6 26. c5 d5 27. Qxa6 Rb8 28. R1e2 h5 29. Bh6 Kh7 30. Bxg7 Kxg7 31. Rxe6 c6 32. Rxc6 Rxf4 33. Rxg6+ Kf7 34. Rh6 Rg8 35. Rxh5 d4 36. Qc4+ Kf8 37. Qd3 Qc7 38. Kg2 Qc6+ 39. Kg3 Qc7 40. Rhe5 Rf7 41. Qxd4 Rg5 42. Qd6+ 1-0

[Event "RUS-ch Blitz Men 2018"]
[Site "Sochi"]
[Date "2018.10.07"]
[Round "9"]
[White "Derjabin, Ilja"]
[Black "Romanov, Evgeny"]
[Result "0-1"]
[WhiteElo "2345"]
[BlackElo "2614"]
[Annotator "TA"]
[PlyCount "85"]
[EventDate "2018.10.07"]
[EventType "swiss"]
[EventCountry "RUS"]
[SourceTitle "playchess.com"]
[Source "ChessBase"]
[SourceQuality "1"]

1. d4 Nf6 2. c4 e6 3. Nc3 Bb4 4. f3 O-O 5. a3 Bxc3+ 6. bxc3 Nc6 7. e4 Ne8 8. Nh3 b6 9. Bd3 Ba6 10. Qe2 Na5 11. Bg5 f6 12. Bh4 c5 13. e5 Qc8 14. d5 exd5 15. cxd5 Bxd3 16. Qxd3 fxe5 17. Be7 c4 18. Qc2 Nf6 19. Bxf8 Qxf8 20. O-O Nxd5 21. Ng5 Nf6 22. Rad1 Rd8 23. Qf5 Nc6 24. a4 g6 25. Qc2 Qe7 26. Rfe1 d5 27. Kh1 Kg7 28. Nh3 Qc5 29. f4 e4 30. f5 d4 31. fxg6 d3 32. Qd2 hxg6 33. Ng5 Re8 34. Qf4 Qe5 35. Qc1 Ng4 36. g3 Nf2+ 37. Kg2 Nxd1 38. Rxe4 Qb8 39. Qxd1 Rxe4 40. Nxe4 Qe5 41. Qg4 Ne7 42. Nd2 Nf5 43. Qf3 0-1

[Event "RUS-ch Blitz Men 2018"]
[Site "Sochi"]
[Date "2018.10.07"]
[Round "9"]
[White "Stambulian, Arsen"]
[Black "Alekseev, Evgeny"]
[Result "0-1"]
[WhiteElo "2339"]
[BlackElo "2620"]
[Annotator "TA"]
[PlyCount "66"]
[EventDate "2018.10.07"]
[EventType "swiss"]
[EventCountry "RUS"]
[SourceTitle "playchess.com"]
[Source "ChessBase"]
[SourceQuality "1"]

1. Nf3 c5 2. g3 Nc6 3. Bg2 g6 4. d4 cxd4 5. Nxd4 Bg7 6. Nxc6 bxc6 7. O-O Rb8 8. Nd2 Qc7 9. Nb3 d6 10. c3 Nf6 11. e4 O-O 12. Re1 a5 13. a4 c5 14. Nd2 Be6 15. Bf1 c4 16. Nf3 Bg4 17. h3 Bxf3 18. Qxf3 Nd7 19. Qd1 Rfc8 20. f4 Qc6 21. Bg2 Nc5 22. e5 Qb6 23. Be3 Qxb2 24. Bxc5 Rxc5 25. Rb1 Qxb1 26. Qxb1 Rxb1 27. Rxb1 dxe5 28. Rb8+ Bf8 29. Rb5 Rxb5 30. axb5 exf4 31. gxf4 Bg7 32. Bd5 Bxc3 33. Bxc4 Bd2 0-1

[Event "RUS-ch Blitz Men 2018"]
[Site "Sochi"]
[Date "2018.10.07"]
[Round "9"]
[White "Alexeev, Alexey"]
[Black "Panarin, Mikhail"]
[Result "0-1"]
[WhiteElo "2287"]
[BlackElo "2562"]
[Annotator "TA"]
[PlyCount "39"]
[EventDate "2018.10.07"]
[EventType "swiss"]
[EventCountry "RUS"]
[SourceTitle "playchess.com"]
[Source "ChessBase"]
[SourceQuality "1"]

1. e4 c5 2. Nf3 e6 3. g3 Nc6 4. Bg2 Nf6 5. Qe2 e5 6. O-O Be7 7. c3 O-O 8. Na3 d5 9. exd5 Qxd5 10. d3 Bf5 11. Rd1 Rad8 12. Nh4 Bxd3 13. Qe3 e4 14. b3 Ng4 15. Qf4 f5 16. c4 Qe6 17. f3 g5 18. Qd2 e3 19. Qe1 Nf2 20. Bxe3 0-1

[Event "RUS-ch Blitz Men 2018"]
[Site "Sochi"]
[Date "2018.10.07"]
[Round "9"]
[White "Linker, Mikhail"]
[Black "Kozionov, Kirill"]
[Result "1-0"]
[WhiteElo "2269"]
[BlackElo "2458"]
[Annotator "TA"]
[PlyCount "109"]
[EventDate "2018.10.07"]
[EventType "swiss"]
[EventCountry "RUS"]
[SourceTitle "playchess.com"]
[Source "ChessBase"]
[SourceQuality "1"]

1. d4 Nf6 2. c4 g6 3. g3 Bg7 4. Bg2 O-O 5. Nc3 d6 6. Nf3 Nc6 7. O-O e5 8. d5 Nb8 9. e4 a5 10. h3 Na6 11. Be3 Nd7 12. Ne1 Ndc5 13. Nd3 Bd7 14. Kh2 f5 15. Nxc5 Nxc5 16. exf5 gxf5 17. Bxc5 dxc5 18. d6 c6 19. Qd2 a4 20. b3 Qa5 21. bxa4 e4 22. Rfc1 Rad8 23. Rab1 Bc8 24. Nxe4 Qxd2 25. Nxd2 Rxd6 26. Nb3 f4 27. Rd1 Bd4 28. Nxd4 Rxd4 29. Rxd4 cxd4 30. c5 d3 31. Be4 Rd8 32. Rd1 d2 33. gxf4 Be6 34. Kg3 Bxa2 35. Bc2 Bf7 36. f3 Kg7 37. Kf2 Kf6 38. Ke3 Rd5 39. Rxd2 Rxc5 40. Bxh7 Rh5 41. Be4 Rxh3 42. Rb2 Rh1 43. Rxb7 Rc1 44. Rb6 Be8 45. a5 Ke7 46. a6 Kd6 47. a7 Ra1 48. Rb8 Ra3+ 49. Kd2 Rxa7 50. Rxe8 c5 51. f5 c4 52. Kc3 Ra4 53. f6 Kc5 54. Rc8+ Kd6 55. f7 1-0

[Event "RUS-ch Blitz Men 2018"]
[Site "Sochi"]
[Date "2018.10.07"]
[Round "9"]
[White "Pogosian, Samvel"]
[Black "Malakhov, Igor"]
[Result "0-1"]
[WhiteElo "2263"]
[BlackElo "2423"]
[Annotator "TA"]
[PlyCount "68"]
[EventDate "2018.10.07"]
[EventType "swiss"]
[EventCountry "RUS"]
[SourceTitle "playchess.com"]
[Source "ChessBase"]
[SourceQuality "1"]

1. d4 Nf6 2. Nf3 c5 3. e3 e6 4. Nbd2 Be7 5. c3 b6 6. Bd3 Bb7 7. e4 cxd4 8. cxd4 d6 9. O-O Nc6 10. a3 O-O 11. b4 e5 12. d5 Nb8 13. Nc4 Nbd7 14. Ne3 Re8 15. Bb2 Nf8 16. Nf5 Ng6 17. Nxe7+ Qxe7 18. g3 Bc8 19. Nd2 h5 20. f3 h4 21. Rf2 Nh5 22. Nf1 Bh3 23. g4 Bxf1 24. gxh5 Bxd3 25. hxg6 Bb5 26. Rg2 Rf8 27. Bc1 fxg6 28. Bg5 Qf7 29. Bxh4 Rac8 30. Rf2 Rc3 31. Rc1 Rxa3 32. Kg2 g5 33. Bg3 g4 34. fxg4 Rxg3+ 0-1

[Event "RUS-ch Blitz Men 2018"]
[Site "Sochi"]
[Date "2018.10.07"]
[Round "10"]
[White "Alekseenko, Kirill"]
[Black "Bocharov, Ivan"]
[Result "1-0"]
[WhiteElo "2639"]
[BlackElo "2563"]
[Annotator "TA"]
[PlyCount "117"]
[EventDate "2018.10.07"]
[EventType "swiss"]
[EventCountry "RUS"]
[SourceTitle "playchess.com"]
[Source "ChessBase"]
[SourceQuality "1"]

1. d4 d5 2. Nc3 Nf6 3. Bf4 a6 4. e3 Bf5 5. f3 e6 6. g4 Bg6 7. h4 h6 8. Bd3 Bxd3 9. Qxd3 c5 10. O-O-O Nc6 11. Nge2 c4 12. Qd2 b5 13. a3 b4 14. axb4 Bxb4 15. g5 Qa5 16. Kb1 Nd7 17. e4 Ne7 18. gxh6 gxh6 19. Qe3 Nb6 20. Rhg1 Na4 21. Nxa4 Qxa4 22. c3 Ba5 23. Be5 Rf8 24. Bd6 Qc6 25. Qf4 Rd8 26. Ba3 Bc7 27. e5 Rb8 28. Nc1 Qa4 29. Ka2 Nf5 30. Rd2 Bd8 31. Rdg2 Be7 32. Qd2 Bxa3 33. bxa3 Ke7 34. Re2 Rb5 35. Qc2 Qa5 36. a4 Rfb8 37. Ka1 Rb1+ 38. Qxb1 Rxb1+ 39. Kxb1 Qxc3 40. Rb2 Kd7 41. Rg8 Qxd4 42. Ra8 Qxe5 43. Ra7+ Kc6 44. Rxa6+ Kc5 45. Ne2 c3 46. Rb5+ Kc4 47. Rc6+ Kd3 48. Rxc3+ Kxe2 49. Rb2+ Kf1 50. Rc1+ Qe1 51. Rxe1+ Kxe1 52. a5 Nd6 53. a6 Nc8 54. Rb8 Na7 55. Rb7 Nc8 56. Rc7 Nb6 57. a7 d4 58. Rb7 Na8 59. Rb8 1-0

[Event "RUS-ch Blitz Men 2018"]
[Site "Sochi"]
[Date "2018.10.07"]
[Round "10"]
[White "Rakhmanov, Aleksandr"]
[Black "Matlakov, Maxim"]
[Result "1-0"]
[WhiteElo "2634"]
[BlackElo "2683"]
[Annotator "TA"]
[PlyCount "103"]
[EventDate "2018.10.07"]
[EventType "swiss"]
[EventCountry "RUS"]
[SourceTitle "playchess.com"]
[Source "ChessBase"]
[SourceQuality "1"]

1. c4 g6 2. Nc3 Bg7 3. g3 d6 4. Bg2 e5 5. d3 f5 6. e3 Nf6 7. Nge2 O-O 8. O-O c6 9. f4 Be6 10. h3 Kh8 11. Kh2 Na6 12. b3 Bg8 13. Bb2 Qe7 14. Qd2 Rae8 15. Rae1 h5 16. Ng1 Nc5 17. Nf3 e4 18. Nh4 Kh7 19. dxe4 fxe4 20. f5 Bf7 21. fxg6+ Bxg6 22. Ne2 Nd3 23. Nf4 Nxf4 24. Rxf4 d5 25. Ref1 Qe6 26. Qe2 Nd7 27. cxd5 cxd5 28. Bxg7 Kxg7 29. Qb5 b6 30. Rc1 Rxf4 31. gxf4 Bf7 32. Rc7 Nf6 33. Rxa7 Rc8 34. Rb7 Rc2 35. Qxb6 Qxb6 36. Rxb6 Nd7 37. Nf5+ Kf8 38. Rd6 Ke8 39. a4 Nc5 40. Rb6 Nd3 41. Rb8+ Kd7 42. Rb7+ Rc7 43. Rxc7+ Kxc7 44. Nd4 h4 45. Bf1 Ne1 46. Be2 Kb6 47. Kg1 Kc5 48. Kf2 Nd3+ 49. Bxd3 exd3 50. Ke1 Be8 51. Kd2 Bd7 52. f5 1-0

[Event "RUS-ch Blitz Men 2018"]
[Site "Sochi"]
[Date "2018.10.07"]
[Round "10"]
[White "Grachev, Boris"]
[Black "Demidov, Mikhail"]
[Result "0-1"]
[WhiteElo "2626"]
[BlackElo "2514"]
[Annotator "TA"]
[PlyCount "71"]
[EventDate "2018.10.07"]
[EventType "swiss"]
[EventCountry "RUS"]
[SourceTitle "playchess.com"]
[Source "ChessBase"]
[SourceQuality "1"]

1. d4 Nf6 2. Bf4 Nh5 3. Bc1 Nf6 4. Nf3 g6 5. Bf4 Nh5 6. Be5 f6 7. Bg3 Nxg3 8. hxg3 Bg7 9. e4 e6 10. c4 f5 11. Nc3 c5 12. exf5 gxf5 13. d5 O-O 14. Be2 b5 15. cxb5 a6 16. dxe6 dxe6 17. O-O axb5 18. Bxb5 Qb6 19. a4 Bb7 20. Qe2 Na6 21. a5 Qd6 22. Rfd1 Bd4 23. Bc4 Nc7 24. Ng5 Qxg3 25. Nge4 Qg6 26. a6 Bxe4 27. Nxe4 fxe4 28. Rxd4 cxd4 29. b4 d3 30. Qe3 Rfb8 31. Qc5 Qg7 32. Re1 Nxa6 33. Bxe6+ Kh8 34. Qh5 d2 35. Rxe4 Rxb4 36. Re3 0-1

[Event "RUS-ch Blitz Men 2018"]
[Site "Sochi"]
[Date "2018.10.07"]
[Round "10"]
[White "Oparin, Grigoriy"]
[Black "Artemiev, Vladislav"]
[Result "1/2-1/2"]
[WhiteElo "2624"]
[BlackElo "2706"]
[Annotator "TA"]
[PlyCount "92"]
[EventDate "2018.10.07"]
[EventType "swiss"]
[EventCountry "RUS"]
[SourceTitle "playchess.com"]
[Source "ChessBase"]
[SourceQuality "1"]

1. c4 e5 2. Nc3 Nf6 3. Nf3 Nc6 4. e3 g6 5. d4 exd4 6. exd4 Bg7 7. d5 Ne7 8. Be2 d6 9. h3 O-O 10. O-O Re8 11. Re1 Nf5 12. Bf4 Ne4 13. Nxe4 Rxe4 14. Qd2 Nd4 15. Bg5 Bf6 16. Bxf6 Qxf6 17. Nxd4 Rxd4 18. Qc3 Bd7 19. Bf1 Kg7 20. Re3 Rf4 21. Qxf6+ Kxf6 22. Rae1 Kg7 23. Rd1 Re8 24. Rxe8 Bxe8 25. f3 h5 26. h4 Bd7 27. b3 Rf5 28. Kf2 Re5 29. b4 Kf6 30. Rd4 b6 31. a3 Re8 32. Rf4+ Kg7 33. Rd4 Ra8 34. Re4 Kf8 35. Be2 a5 36. b5 Bf5 37. Re3 Kg7 38. Re7 Rc8 39. Re3 Bd7 40. Re7 Rd8 41. Re3 Kf6 42. f4 Bf5 43. g3 Bc2 44. Bf1 Bf5 45. Be2 Rd7 46. Re8 Re7 1/2-1/2

[Event "RUS-ch Blitz Men 2018"]
[Site "Sochi"]
[Date "2018.10.07"]
[Round "10"]
[White "Alekseev, Evgeny"]
[Black "Stambulian, Arsen"]
[Result "1-0"]
[WhiteElo "2620"]
[BlackElo "2339"]
[Annotator "RC"]
[PlyCount "127"]
[EventDate "2018.10.07"]
[EventType "swiss"]
[EventCountry "RUS"]
[SourceTitle "playchess.com"]
[Source "ChessBase"]
[SourceQuality "1"]

1. e4 e5 2. Nf3 Nc6 3. Bc4 Bc5 4. O-O Nf6 5. d3 d6 6. c3 a6 7. Bb3 Ba7 8. Be3 O-O 9. Bxa7 Rxa7 10. Nbd2 Ra8 11. Re1 Kh8 12. Nf1 Ng8 13. Ne3 g6 14. d4 f6 15. Bc2 Nce7 16. Qd2 Be6 17. Rad1 Qc8 18. a3 a5 19. a4 b6 20. Rf1 h6 21. Ne1 g5 22. g3 Ng6 23. N1g2 Bh3 24. Qe2 Qe8 25. f3 Bd7 26. b3 b5 27. axb5 Bxb5 28. c4 Bd7 29. f4 N6e7 30. fxe5 fxe5 31. Rxf8 Qxf8 32. dxe5 Ng6 33. exd6 cxd6 34. Nf5 Bxf5 35. exf5 Ne5 36. c5 Nf6 37. cxd6 Ned7 38. Qe7 Qb8 39. Qe3 Qb4 40. Qd4 Rc8 41. Qxb4 axb4 42. Ne3 Kg7 43. Kf2 Rc3 44. Rd4 Rc6 45. Ke2 Kf7 46. Nc4 Ke8 47. Be4 Ra6 48. Ke3 Ra1 49. Bc6 Kd8 50. Bxd7 Nxd7 51. g4 Re1+ 52. Kf2 Rb1 53. Nd2 Rb2 54. Ke3 Nf6 55. Kd3 Nd7 56. Rxb4 Ne5+ 57. Kc3 Ra2 58. h3 Kd7 59. Nc4 Nxc4 60. bxc4 Ra3+ 61. Kd4 Rxh3 62. c5 Rh1 63. Rb7+ Kc8 64. Rh7 1-0

[Event "RUS-ch Blitz Men 2018"]
[Site "Sochi"]
[Date "2018.10.07"]
[Round "10"]
[White "Kobalia, Mikhail"]
[Black "Demchenko, Anton"]
[Result "0-1"]
[WhiteElo "2620"]
[BlackElo "2679"]
[Annotator "TA"]
[PlyCount "94"]
[EventDate "2018.10.07"]
[EventType "swiss"]
[EventCountry "RUS"]
[SourceTitle "playchess.com"]
[Source "ChessBase"]
[SourceQuality "1"]

1. e4 c5 2. Nf3 d6 3. d4 cxd4 4. Nxd4 Nf6 5. Nc3 Nc6 6. Bg5 e6 7. Qd2 a6 8. O-O-O Be7 9. f3 Qc7 10. h4 Nxd4 11. Qxd4 b5 12. Kb1 Rb8 13. g4 b4 14. Ne2 O-O 15. h5 h6 16. Bc1 Nd7 17. g5 hxg5 18. h6 Bf6 19. Qg1 g6 20. Bxg5 Kh7 21. Bxf6 Nxf6 22. Qd4 Ne8 23. Ng1 e5 24. Qd2 a5 25. Bh3 Ba6 26. Bg4 a4 27. Nh3 b3 28. Ng5+ Kh8 29. cxb3 axb3 30. a3 Qe7 31. Rc1 Bb7 32. Qe3 Nf6 33. Rhd1 Rfd8 34. Ka1 Ra8 35. Kb1 Rab8 36. Rd2 Kg8 37. Rcd1 d5 38. exd5 Nxd5 39. h7+ Kg7 40. h8=Q+ Rxh8 41. Rxd5 Bxd5 42. f4 Rbd8 43. f5 gxf5 44. Be2 f4 45. Qg1 Kf8 46. Qb6 f6 47. Ne4 Bxe4+ 0-1

[Event "RUS-ch Blitz Men 2018"]
[Site "Sochi"]
[Date "2018.10.07"]
[Round "10"]
[White "Gordievsky, Dmitry"]
[Black "Lobanov, Sergei"]
[Result "1-0"]
[WhiteElo "2615"]
[BlackElo "2539"]
[Annotator "TA"]
[PlyCount "53"]
[EventDate "2018.10.07"]
[EventType "swiss"]
[EventCountry "RUS"]
[SourceTitle "playchess.com"]
[Source "ChessBase"]
[SourceQuality "1"]

1. Nf3 d5 2. e3 c5 3. c4 d4 4. b4 Nc6 5. b5 Nb8 6. exd4 cxd4 7. d3 a6 8. Qa4 a5 9. Ba3 Nd7 10. Nbd2 e5 11. Bxf8 Kxf8 12. Nb3 Qe7 13. b6 Qb4+ 14. Qxb4+ axb4 15. c5 Ne7 16. g3 Nc6 17. Bg2 Nf6 18. Nfd2 Bd7 19. Kd1 Ke7 20. Re1 Ng4 21. Ke2 f6 22. Nc4 Rhb8 23. h3 Nh6 24. Kd2 Be6 25. Bxc6 bxc6 26. f4 exf4 27. Nxd4 1-0

[Event "RUS-ch Blitz Men 2018"]
[Site "Sochi"]
[Date "2018.10.07"]
[Round "10"]
[White "Romanov, Evgeny"]
[Black "Derjabin, Ilja"]
[Result "1-0"]
[WhiteElo "2614"]
[BlackElo "2345"]
[Annotator "TA"]
[PlyCount "69"]
[EventDate "2018.10.07"]
[EventType "swiss"]
[EventCountry "RUS"]
[SourceTitle "playchess.com"]
[Source "ChessBase"]
[SourceQuality "1"]

1. d4 Nf6 2. Bg5 c5 3. Bxf6 exf6 4. e3 f5 5. c4 Nc6 6. Nc3 cxd4 7. exd4 Bb4 8. Nf3 O-O 9. Be2 d5 10. c5 Re8 11. O-O Bxc3 12. bxc3 f4 13. h3 Bf5 14. Qd2 Qf6 15. Bb5 g5 16. Rfe1 Be4 17. Bxc6 bxc6 18. Ne5 Bf5 19. f3 Rab8 20. c4 dxc4 21. Nxc4 Rxe1+ 22. Rxe1 Be6 23. Nd6 Bd5 24. Re5 h6 25. Qe2 Be6 26. Kh2 Qg6 27. Qa6 Rb2 28. Re2 Rxe2 29. Qxe2 Qb1 30. Qe5 Qxa2 31. Ne8 Kf8 32. Qh8+ Ke7 33. Nd6 Qf2 34. Qe8+ Kf6 35. Ne4+ 1-0